| 000 | 00726nam a2200277Ia 4500 | ||
|---|---|---|---|
| 008 | 180313s9999 xx 000 0 und d | ||
| 020 | _a9780545540629 | ||
| 050 | _bGS FIC T271 2016 | ||
| 100 | _aTelgemeier, Raina | ||
| 245 | _aGhosts / | ||
| 245 | _cby Raina Telgemeier ; color by Braden Lamb. | ||
| 260 | _aNew York, New York : | ||
| 260 | _bScholastic Inc., | ||
| 260 | _c2016 | ||
| 300 | _a239 pages : | ||
| 300 | _bcolored illustrations ; | ||
| 300 | _c20cm. | ||
| 650 | _aGhosts -- | ||
| 650 | _aMoving, household -- | ||
| 650 | _aSisters -- | ||
| 650 | _xComic books, strips, etc. | ||
| 650 | _xJuvenile fiction. | ||
| 650 | _xJuvenile fiction. | ||
| 700 | _aLamb, Braden. | ||
| 700 | _aTitle. | ||
| 999 |
_c356285 _d356285 |
||